| 000 | 01705nam a22002057a 4500 | ||
|---|---|---|---|
| 999 |
_c62761 _d62761 |
||
| 003 | Ge_BSU | ||
| 005 | 20250210112509.0 | ||
| 008 | 250210s2015 ge ||||| |||| 00| 0 geo d | ||
| 020 | _a9789941134326 | ||
| 041 | _ageo | ||
| 080 | _a378.4(479.22)(063)+27(063) ქ 73 | ||
| 245 |
_aქრისტიანობა და ეკონომიკა : _b VIII საერთაშორისო სამეცნიერო კონფერენციის მოხსენებათა კრებული (ბათუმი, 5–6 სექტემბერი) : კონფერენცია მიეძღვნა ბათუმის შოთა რუსთაველის სახელმწიფო უნივერსიტეტის დაარსების 80 წლისთავს / _cრედაქტორები: რევაზ გოგოხია, გიორგი შიხაშვილი; ინგლისურენოვანი ტექსტების რედაქტორი ნანა მაისურაძე; გარეკანის დიზაინერი თინათინ ჩირინაშვილი. |
||
| 264 |
_aთბილისი - ბათუმი : _bთბილ. უნ–ტის გამ–ბა; _c2015. |
||
| 300 |
_a210 გვ. ; _b27 სმ. |
||
| 653 | _aქრისტიანობა | ||
| 653 | _aკონფერენციები | ||
| 700 |
_aგოგოხია, რევაზ _eრედაქტორი _93350 |
||
| 700 |
_aშიხაშვილი, გიორგი _eრედაქტორი _914494 |
||
| 942 |
_2udc _cᲬᲘᲒᲜᲘ |
||